| 000 | 00729cam a22002413a 4500 | ||
|---|---|---|---|
| 001 | 4661 | ||
| 003 | PGUSA | ||
| 005 | 20140828083103.0 | ||
| 008 | 031101s2003||||xxu|||||s|||||000 | eng d | ||
| 040 |
_aPGUSA _beng |
||
| 042 | _adc | ||
| 050 | 4 | _aPQ | |
| 100 | 1 |
_aVerlaine, Paul, _d1844-1896 |
|
| 245 | 1 | 0 |
_aMadame Aubin _h[electronic resource] / _cPaul Verlaine |
| 260 |
_bProject Gutenberg, _c2003 |
||
| 506 | _aCopyrighted. Read the copyright notice inside this book for details. | ||
| 516 | _aElectronic text | ||
| 653 | _aFrench drama -- 19th century -- Translations into English | ||
| 700 | 1 | _aMorlock, Frank J. | |
| 830 | 0 |
_aProject Gutenberg _v4661 |
|
| 856 | 4 | 0 | _uhttp://www.gutenberg.org/ebooks/4661 |
| 942 | _cEB | ||
| 999 |
_c233990 _d233990 |
||